Statistics for Brawl Stars Brawlers that Start with S

Click here to take the quiz!

General Stats

  • This quiz has been taken 32 times
  • The average score is 7 of 8

Answer Stats

Answer% Correct
Surge
93%
Sandy
89%
Shelly
89%
Sam
86%
Stu
86%
Spike
75%
Squeak
75%
Sprout
71%

Score Distribution

Percentile by Number Answered

Percent of People with Each Score

Your Score History

You have not taken this quiz